O Monasticon. (Record no. 155269)

MARC details
000 -LEADER
campo de control de longitud fija 00632nam a22001935i 4500
001 - NÚMERO DE CONTROL
campo de control 155269
003 - IDENTIFICADOR DE NÚMERO DE CONTROL
campo de control ES-MaACL
005 - FECHA Y HORA DE LA ÚLTIMA TRANSACCIÓN
campo de control 20251014063220.0
008 - DATOS DE LONGITUD FIJA--INFORMACIÓN GENERAL
campo de control de longitud fija 040719s1876 po |||| | por d
080 ## - NÚMERO DE LA CLASIFICACIÓN DECIMAL UNIVERSAL
Número de la Clasificación Decimal Universal 821.134.3-31"18"
100 1# - ENTRADA PRINCIPAL--NOMBRE DE PERSONA
Nombre de persona Herculano, Alexandre,
Fechas asociadas al nombre 1810-1877
9 (RLIN) 62677
245 12 - MENCIÓN DEL TÍTULO
Título O Monasticon.
Número de parte o sección de la obra I,
Nombre de parte o sección de la obra Eurico o Presbytero /
Mención de responsabilidad, etc. por A. Herculano.
246 3# - FORMA VARIANTE DEL TITULO
Título propio/Titulo breve Eurico o Presbytero
250 ## - MENCION DE EDICION
Mención de edición 7ª ed.
260 ## - PUBLICACIÓN, DISTRIBUCIÓN, ETC.
Lugar de publicación, distribución, etc. Lisboa :
Nombre del editor, distribuidor, etc. Viuva Bertrand & C.,
Fecha de publicación, distribución, etc. 1876 (
Fabricante Imp. Nacional)
300 ## - DESCRIPCIÓN FÍSICA
Extensión 1 v. (X, 322, [2] p.) ;
Dimensiones 16 cm.
852 ## - LOCALIZACIÓN
Ubicación ES-MaACL
Número de control de estantería G-8680
Nota libre - Enc. pasta española
Holdings
Estatus retirado Estado de pérdida Estado de daño No para préstamo Colección Biblioteca de origen Biblioteca actual Ubicación en estantería Fecha de adquisición Fuente de adquisición Total de préstamos Signatura topográfica completa Código de barras Visto por última vez Precio de reemplazo Tipo de ítem Koha
        Libros del s. XIX Biblioteca del Ateneo de Madrid Biblioteca del Ateneo de Madrid Sala Pecera Planta 3 17/01/2008     G-8680 1162419 23/02/2023 23/02/2023 Libro impreso antiguo